A practical guide to using Second Life in higher education (Record no. 135108)
[ view plain ]
| 000 -LEADER | |
|---|---|
| fixed length control field | 01334nam a2200313 a 4500 |
| 100 1# - MAIN ENTRY--AUTHOR NAME | |
| Personal name | Savin-Baden, Maggi, |
| 245 12 - TITLE STATEMENT | |
| Title | A practical guide to using Second Life in higher education |
| 260 ## - PUBLICATION, DISTRIBUTION, ETC. (IMPRINT) | |
| Place of publication | Berkshire, England : |
| Name of publisher | McGraw-Hill : |
| -- | Open University Press, |
| Year of publication | 2010. |
| 300 ## - PHYSICAL DESCRIPTION | |
| Number of Pages | 210 p. : |
| Other physical details | ill. |
| 505 0# - FORMATTED CONTENTS NOTE | |
| Formatted contents note | pt. 1. Getting started in Second Life -- pt. 2. Developing your teaching in Second Life -- pt. 3. Shifting boundaries. |
| 650 #0 - SUBJECT ADDED ENTRY--TOPICAL TERM | |
| Topical Term | Second Life (Game) |
| Topical Term | Education, Higher. |
| 856 40 - ELECTRONIC LOCATION AND ACCESS | |
| Uniform Resource Identifier | http://site.ebrary.com/lib/rucke/Doc?id=10441964 |
No items available.
